000 00297nam a22001337a 4500
008 171002b xxu||||| |||| 00| 0 eng d
020 _a9780697225856
041 _aeng
080 _a37
100 _a47
101 _aEDU
245 _aTEACHING, BEARING THE TORCH
_cFARRIS, P.J
942 _2udc
_cBK
999 _c31169
_d31169